[Event "Wrexham"]
[Site "Wrexham"]
[Date "1995.??.??"]
[Round "8"]
[White "Engqvist, Thomas"]
[Black "Csom, Istvan"]
[Result "1/2-1/2"]
[WhiteElo "2405"]
[BlackElo "2445"]
[Annotator "Engqvist"]
[PlyCount "63"]
[EventDate "1995.10.??"]
[EventType "tourn"]
[EventRounds "9"]
[EventCountry "WLS"]
[EventCategory "7"]
[SourceTitle "CBM 051"]
[Source "ChessBase"]
[SourceDate "1996.04.01"]
[SourceVersion "1"]
[SourceVersionDate "1996.04.01"]
[SourceQuality "1"]

1. d4 Nf6 2. Nf3 e6 3. c4 b6 4. a3 c5 {The sharpest variation against the
Petrosjan-system.} 5. d5 Ba6 6. Qc2 exd5 7. cxd5 Bb7 8. e4 Qe7 9. Bd3 Nxd5 10.
O-O Nc7 11. Nc3 (11. b4 Ne6 12. Nc3 Nc6 13. bxc5 Qxc5 14. Be3 Qh5 15. Rfd1 Rc8
16. Bb5 Bc5 17. Rd5 Qg6 18. Rxd7 $14 {Jusupov-Fries-Nielsen, Luzern (ol) 1982})
11... Ne6 (11... Qd8 12. Nd5 Ne6 (12... Nc6 13. Bg5 Be7 14. Nxe7 Nxe7 15. Rad1
h6 16. Bh4 O-O 17. Bc4 Qe8 18. Bg3 $16 {Rukavina-Skembris, Budva (zt) 1981 -
32/586}) 13. b3 Be7 14. Bb2 Nc6 15. Rad1 Rc8 16. Rfe1 Ncd4 17. Nxd4 Nxd4 18.
Qb1 O-O 19. Bc4 b5 20. Nxe7+ Qxe7 21. Bd5 $16 {Cebalo-Dizdar, Jugoslavija (ch)
1982}) (11... Nc6 12. Bg5 $1 f6 13. Bf4 Ne6 14. Nd5 Qd8 15. Bg3 Be7 16. Bc4 Qc8
17. Rad1 $16 {Reshevsky-Kavalek, Jacksonville 1981}) 12. Bc4 (12. Nd5 Qd8 {
- 11...Qd8}) 12... Nc6 13. Rd1 (13. Be3 g6 14. b4 cxb4 15. Nd5 Qd8 16. axb4 Bg7
17. Rad1 $14 {Psahis-Agzamov, Frunze 1981}) 13... Qd8 $146 (13... a6 14. Be3
Rc8 15. Na4 Qd8 16. Bxe6 (16. b4 $5) 16... fxe6 17. Qb3 Na5 18. Qxb6 Bc6 19.
Qxd8+ Rxd8 20. Nc3 Nb3 21. Rab1 Be7 22. e5 h6 23. Nd2 $14 {Bönsch-Kärner,
Tallinn 1983}) 14. Be3 Be7 15. Rd2 O-O 16. Rad1 Qc8 17. Nd5 (17. Rxd7 $2 Ned4)
17... Bd8 18. Ba2 $6 (18. e5 $1 $14) 18... d6 $13 19. Nc3 Ne5 $1 $132 20. Rxd6
Nxf3+ 21. gxf3 Bc7 (21... Ng5 $5 22. Bxg5 (22. Rxd8 $4 Nxf3+ $19) 22... Bxg5
23. Kg2 $13) 22. Nb5 $1 $8 Bxd6 23. Nxd6 Qc7 24. Nxb7 Qxb7 25. Bd5 Qe7 26. Bxa8
Rxa8 27. Rd5 $13 Qf6 28. Kg2 Qg6+ (28... Rd8 29. Qd2 Rxd5 30. Qxd5 $13) 29. Kh1
Qf6 (29... h5 $5 $13) 30. Kg2 Qg6+ 31. Kh1 Qf6 32. Kg2 1/2-1/2

[Event "Salongernas IM"]
[Site "Stockholm"]
[Date "1996.??.??"]
[Round "3"]
[White "Dzevlan, Miralem"]
[Black "Ochsner, Thomas"]
[Result "1-0"]
[WhiteElo "2395"]
[BlackElo "2300"]
[Annotator "Engqvist"]
[PlyCount "71"]
[EventDate "1996.??.??"]
[EventType "tourn"]
[EventRounds "9"]
[EventCountry "SWE"]
[EventCategory "4"]
[SourceTitle "CBM 053"]
[Source "ChessBase"]
[SourceDate "1996.08.01"]
[SourceVersion "1"]
[SourceVersionDate "1996.08.01"]
[SourceQuality "1"]

1. d4 Nf6 2. c4 e6 3. Nf3 b6 4. a3 Bb7 5. Nc3 d5 6. Qc2 dxc4 (6... Be7 7. Bf4
O-O 8. e3 Nbd7 9. cxd5 exd5 10. Nb5 $6 c5 11. Nd6 Bxd6 12. Bxd6 Re8 13. Be2 Rc8
14. dxc5 d4 $1 15. Nxd4 Nxc5 16. Bg3 Qd5 17. Qf5 Qxg2 18. Bf3 Bxf3 19. Qxf3
Rxe3+ $1 20. fxe3 Nd3+ 21. Kd1 Nxb2+ 22. Ke1 Nd3+ 23. Kd1 Qb2 24. Qb7 Qxa1+ 25.
Ke2 Qb2+ 26. Kf3 Re8 $19 {Vanderwaeren-Ochsner, Stockholm 1996}) 7. e4 c5 8. d5
exd5 9. exd5 Bd6 10. Bxc4 O-O 11. O-O Nbd7 (11... a6 12. Bg5 b5 13. Bd3 $5 {
Karpov}) (11... h6 $5 12. Re1 (12. Ne4 Nxe4 (12... a6 $5 {Karpov}) 13. Qxe4 Re8
{Karpov}) 12... a6 13. a4 Nbd7 14. b3 Qc7 (14... Re8 15. Bb2 (15. Bd2 Ne5 16.
Nh4 Qd7 17. Nf5 Nxc4 18. bxc4 Be5 $132 {Karpov}) 15... Ne5 16. Nd2 Qd7 $13 {
Karpov}) 15. h3 $1 (15. Bb2 $6 Ne5 16. Nxe5 Bxe5 17. h3 Rfe8 $132 {Karpov})
15... Ne5 16. Nh4 Rfe8 (16... Rae8 $5 {Karpov}) 17. Bb2 Qd7 18. Re2 (18. Nf5
Bf8 19. Re2 Nxc4 20. bxc4 Rxe2 21. Nxe2 Ne8 $13 {Karpov}) 18... Rad8 19. Rae1
Nxc4 (19... Bc8 20. Ne4 Nxe4 21. Qxe4 $1 $14 {Karpov}) 20. bxc4 Bc8 21. Nd1
Rxe2 (21... Nh5 $5 22. Re4 Nf4 $13 {Karpov}) 22. Rxe2 Nh5 23. Re4 $1 Re8 24.
Ne3 Rxe4 25. Qxe4 $13 {Lautier-Karpov, Groningen 1995 - 65/492}) 12. Re1 $146 (
12. Bg5 Re8 13. Bb5 Re7 14. Qa4 h6 15. Bh4 Qc7 16. Rfe1 Rxe1+ 17. Rxe1 a6 18.
Bxd7 Nxd7 19. Qg4 Nf8 20. Ne4 Ng6 21. Nxd6 Qxd6 $17 {>< d5 Cramling,P-Olafsson,
H, Reykjavik zt 1995}) 12... a6 13. a4 Qc7 14. Bg5 Rfe8 (14... Rae8 $5) 15. Qf5
(15. Bh4 {>=}) 15... h6 16. Bh4 Rac8 17. Qd3 Ng4 18. Bg3 (18. Bxa6 Bxh2+ 19.
Kh1 Bxa6 (19... g5 $4 20. Bxb7 gxh4 21. Qc2 $18) 20. Qxa6 g5 $13) 18... Bxg3
19. hxg3 Nge5 20. Nxe5 Nxe5 21. Qe2 Nxc4 22. Qxc4 Qd7 $6 (22... Qd6 23. Rad1
Rxe1+ 24. Rxe1 Rd8 25. Rd1 Re8 $13) 23. Rxe8+ Rxe8 $2 {>< c5} (23... Qxe8 $14 {
/\} 24. Qb3 Qd8) 24. a5 $16 {a thematic pawn push.} Qd6 (24... Re5 $2 25. axb6
Bxd5 26. Nxd5 (26. Qxc5 $5 Bxg2 27. Qxe5 Qh3 28. f4 Qh1+ (28... Qxg3 29. Ne2
Qg4 30. Ra3 $18) 29. Kf2 Qxa1 30. Kxg2 Qxb2+ 31. Kf3 Qxb6 32. Qe8+ Kh7 33. Qxf7
$18) 26... Rxd5 (26... Qxd5 27. Qxd5 Rxd5 28. b7 $18) 27. Qxa6 Rd1+ 28. Kh2
Rxa1 29. Qxa1 $18) 25. axb6 Qxb6 26. Na4 Qb4 (26... Qb5 27. b3 (27. Qxc5 $2
Bxd5 $10) 27... Rd8 28. Rd1 (28. Nxc5 $2 Bxd5 29. Qxb5 axb5 30. Rd1 Kf8 $10)
28... Rc8 29. d6 $16) 27. Qxc5 Qxc5 28. Nxc5 Bxd5 29. Nxa6 Re2 (29... Ra8 30.
Ra3 $16) 30. b4 Rb2 31. Nc7 Bb7 32. b5 Rc2 33. Ne8 Kf8 34. Nd6 Bd5 (34... Rc7
35. b6 Rd7 36. Nxb7 Rxb7 37. Ra8+ Ke7 38. Ra7 Rd7 39. b7 $18) 35. Rd1 Ba8 36.
Re1 1-0

[Event "Lippstadt 10th"]
[Site "Lippstadt"]
[Date "2000.07.10"]
[Round "5"]
[White "Slobodjan, Roman"]
[Black "Speelman, Jonathan S"]
[Result "1-0"]
[WhiteElo "2539"]
[BlackElo "2623"]
[Annotator "Engqvist"]
[PlyCount "67"]
[EventDate "2000.07.06"]
[EventType "tourn"]
[EventRounds "11"]
[EventCountry "GER"]
[EventCategory "10"]
[SourceTitle "CBM 078"]
[Source "ChessBase"]
[SourceDate "2000.10.18"]
[SourceVersion "1"]
[SourceVersionDate "2000.10.18"]
[SourceQuality "1"]

1. d4 Nf6 2. c4 e6 3. Nf3 b6 4. a3 Bb7 5. Nc3 g6 6. Qc2 Bxf3 7. exf3 Nc6 $6 8.
Be3 Bg7 9. O-O-O Ne7 $146 {Black prepares d5 and after an exchange on c4 he
can centralize one knight on d5. One of the knights will be superfluos and it
looks better to go for d5 without the preliminary 7...Nc6 and Ne7. This game
shows the risks involved when avoiding the natural castling.} (9... O-O 10. d5
Na5 (10... Ne7 11. g4 $16) (10... Ne5 11. f4 (11. h3 $5 {[%cal Yf3f4]} d6 12.
f4 Ned7 13. g4 $16) 11... Neg4 12. Bd4 Bh6 13. h3 $1 Bxf4+ 14. Kb1 $16) 11. h4
a6 12. g4 exd5 13. cxd5 b5 14. h5 Re8 15. hxg6 hxg6 16. g5 Nh7 {
Dreev-Kortchnoi, Jalta (Rapid) 1995} 17. Ne4 $1 $16 {[%csl Rf6,Rg8][%cal Ye3d2,
Yd2c3] B.Lalic}) 10. g4 d5 11. h4 h6 12. Be2 {White is prepared for 13.h5 g5
14.f4} dxc4 13. h5 g5 14. Bxc4 c6 15. Kb1 Rc8 16. Qd2 Ned5 17. Nxd5 Nxd5 18. f4
$1 gxf4 19. Bxf4 Nxf4 20. Qxf4 b5 21. Bb3 Qf6 22. Qe4 $36 {[%csl Re6,Re8][%cal
Yf2f5] Black is more weak on the White squares than White on the Black squares.
As usual with opposite coloured bishops the initiative is the most important
factor.} c5 23. f4 c4 24. Bc2 Qe7 25. f5 b4 26. fxe6 Qxe6 (26... fxe6 27. d5 b3
28. Qg6+ $18) 27. Qb7 $18 O-O 28. Bf5 Qd6 29. Bxc8 bxa3 30. Rh3 axb2 31. Rc3
Qh2 32. Rxc4 Qe2 33. Qb3 a5 34. Bf5 1-0

[Event "Reggio Emilia 9900 42nd"]
[Site "Reggio Emilia"]
[Date "1999.12.29"]
[Round "3"]
[White "Khenkin, Igor"]
[Black "Romanishin, Oleg M"]
[Result "1-0"]
[WhiteElo "2633"]
[BlackElo "2567"]
[Annotator "Engqvist"]
[PlyCount "77"]
[EventDate "1999.12.27"]
[EventType "tourn"]
[EventRounds "9"]
[EventCountry "ITA"]
[EventCategory "8"]
[SourceTitle "CBM 075"]
[Source "ChessBase"]
[SourceDate "2000.04.05"]
[SourceVersion "1"]
[SourceVersionDate "2000.04.05"]
[SourceQuality "1"]

1. d4 Nf6 2. c4 e6 3. Nf3 b6 4. a3 Bb7 5. Nc3 Ne4 6. Nxe4 Bxe4 7. Bf4 d6 (7...
Be7 8. e3 O-O 9. Bd3 Bxd3 10. Qxd3 a5 11. h4 $5 {Because of this sharp
continuation the normally calm variation 7.Bf4 has some poison.} a4 12. Rd1 Ra5
13. g4 Qc8 14. Ke2 d6 15. Ng5 f5 $13 {Khenkin-Naumkin, Arco op Arco 1998 1/2
46.}) 8. e3 Be7 9. Bd3 Bg6 $146 {Black wants to provoke h2-h4 but Khenkin
likes to play this provocative move. Look at the openingsequence in the game
Khenkin-Naumkin above. Romanishin's move loses time but his plan is to put the
king on the queenside.} (9... Bxd3 $142 10. Qxd3 O-O 11. O-O {It is not to
everyone´s taste to put the king on e2 and an overview of the most common
continuations is in order.} (11. h4 $5 $13) 11... Nd7 (11... a5 12. Rad1 {
The routinemove 12.b3 is not the only move. How important is it to stop a5-a4?
It is probably compulsory if white plans a slow game with a lot of manoeuvring.
However, Benjamins plan is more aggressive and involves a quick central
expansion.} Nd7 13. e4 Qc8 14. Qc2 Qb7 15. Rd2 c6 16. e5 d5 17. Bg5 $1 $16 {
Benjamin-Burger, Reykjavik 1986}) 12. b4 $5 {grabs some space on the
queenswing.} (12. e4 e5 13. Be3 exd4 14. Nxd4 Bf6 15. Rad1 a5 16. b3 g6 17.
Rfe1 Re8 18. f3 Bg7 19. Nb5 Nc5 20. Qc2 Ne6 21. Nc3 $14 {Hort-Ambroz, CSR-ch
Trencianske Teplice 1979}) (12. h3 Re8 (12... g5 $141) 13. Rfd1 a5 14. b3 Qc8
15. e4 Qb7 16. Qc2 c5 17. dxc5 Nxc5 18. Bxd6 Bxd6 19. Rxd6 Nxe4 20. Rd4 $14 {
Doncenko-Holmov, Moskva 1983}) (12. Rfd1 g5 (12... Qc8 13. Rac1 Qb7 14. e4 a5
15. b3 Rfe8 16. d5 Bf6 17. Qc2 $14 {Naumkin-Kuzmin, Tashkent Tashkent 1987})
13. Bg3 f5 14. h3 Qe8 15. b4 Qg6 16. c5 $14 {Vaganian-Kuprejcik, SSSR 1979}))
10. h4 $1 $14 Nd7 11. g4 Qc8 12. h5 Bxd3 13. Qxd3 Qb7 14. Ke2 O-O-O {Necessary
if black wants to avoid the game Khenkin-Naumkin with several tempos down. The
placement of the king on the queenswing is one of the points with 9...Bg6 but
I am not sure this is an improvement. Naumkin´s set-up looks overall more
natural and convincing.} 15. Qc2 {The queen is always bad on d3 in the long
run and here e6-e5 is a threat.} h6 {Prevents further expansion with g4-g5 and
frees the rook on h8.} 16. Nd2 e5 {Without this central expansion black will
never be able to reach the king on e2.} 17. dxe5 dxe5 18. Bg3 $16 Nc5 $6 {
Too aggressive but it is not easy to find anything better. I black allows
b2-b4 it is difficult to create counterplay. White´s active pawns on the
kingswing has the important defensive function to prevent black´s pawns from
advancing towards white´s king.} 19. Qf5+ Kb8 20. Bxe5 Rd7 21. Bxg7 Rhd8 22.
Rhd1 Qc6 23. Bd4 Ne6 24. Bc3 Bg5 25. Qf3 $18 Rxd2+ 26. Rxd2 Qxc4+ 27. Ke1 Rxd2
28. Bxd2 Nc5 29. Bc3 Bh4 30. Qe2 Qe4 31. Rd1 Nb3 32. Qb5 a6 (32... Qxe3+ 33.
Qe2 $18) 33. Qe5 ({Of course not} 33. Qxb3 $4 Qxe3+ 34. Kf1 Qxf2#) 33... Qxg4
34. Qf4 Qxh5 35. Rd7 Qc5 36. Qxh4 Qf5 37. Rd8+ (37. Qd8+ $142 Kb7 38. Rxc7#)
37... Ka7 38. Qg3 Qb1+ 39. Ke2 {Khenkin´s set up with h4, g4, Ke2 etc
certainly deserves attention. It will be interesting to follow the development
in the 7.Bf4 variation in the future.} 1-0

[Event "Petrov Memorial op"]
[Site "St Petersburg"]
[Date "2000.02.08"]
[Round "2"]
[White "Eliseev, Alexey"]
[Black "Balashov, Yuri S"]
[Result "0-1"]
[WhiteElo "2325"]
[BlackElo "2534"]
[Annotator "Engqvist"]
[PlyCount "78"]
[EventDate "2000.02.05"]
[EventType "swiss"]
[EventRounds "9"]
[EventCountry "RUS"]
[SourceTitle "CBM 076"]
[Source "ChessBase"]
[SourceDate "2000.05.31"]
[SourceVersion "1"]
[SourceVersionDate "2000.05.31"]
[SourceQuality "1"]

1. d4 Nf6 2. c4 e6 3. Nf3 b6 4. Bf4 Bb7 5. e3 Be7 6. Nc3 (6. h3 c5 7. dxc5 (7.
Nc3 cxd4 8. Nxd4 (8. exd4 O-O 9. Bd3 d5 10. O-O dxc4 11. Bxc4 Nc6 12. Rc1 Rc8
13. Bd3 Nd5 14. Bg3 g6 15. Re1 Na5 $11 {Rivas-Hubner, Linares 1985}) 8... O-O
9. Ndb5 Ne8 10. Nd6 (10. Qd2 a6 11. Nd6 Nxd6 12. Bxd6 Bxd6 13. Qxd6 b5 14. a3
bxc4 $1 15. Rd1 Nc6 $1 $15 {Miles-Kuprejcik, Reykjavik 1980 - 29/488}) 10...
Nxd6 11. Bxd6 Na6 {Duric-Ornstein, Pamporovo 1981 - 31/568} 12. Qd2 Bxd6 13.
Qxd6 Qf6 $13 {Ornstein}) (7. Be2 cxd4 8. Nxd4 O-O 9. O-O a6 10. Nc3 d6 11. Nf3
Qc7 12. Rc1 Nbd7 13. b4 Rac8 14. Qb3 Rfd8 15. Rfd1 h6 $11 {Farago-Adorjan,
Sarajevo 1983}) 7... bxc5 8. Be2 O-O 9. O-O Nc6 10. Nc3 d6 11. Qc2 Qb6 (11...
Nb4 12. Qd2 Qb6 13. Rfd1 Rfd8 14. a3 Nc6 15. Qc2 Rac8 16. Na4 Qa5 17. Rac1 h6
18. Nd2 Nd7 19. Nc3 a6 20. Bg3 Qc7 21. Nf3 Nde5 $11 {Meduna-A.Sokolov, Soci
1983}) 12. Rfd1 Rfd8 13. Nd2 Rac8 14. Qb3 Qb4 15. Qc2 Qb6 16. a3 Ba8 17. Bf3
Nd7 18. Bg3 Nde5 $11 {Meduna-Mokry, Trnava 1984}) 6... Nh5 $1 {Black abandons
the centre in favour of the bishoppair and secures a solid position.} 7. Bg3 d6
(7... O-O 8. Be2 g6 9. O-O d6 10. Rc1 Nd7 11. Nd2 Nxg3 12. hxg3 a6 13. Bf3 c6
$1 14. g4 Qb8 15. a4 d5 16. cxd5 cxd5 17. Be2 Qd6 $11 {Agdestein-Adorjan, Oslo
1984}) (7... Nxg3 $5 8. hxg3 Bf6 9. Qc2 g6 10. O-O-O Qe7 11. Bd3 Nc6 12. Be4
O-O-O 13. Qa4 Kb8 14. Ne1 Bg7 $13 {O.Rodriguez-Fedorowics, New York 1987 - 43/
629}) 8. Bd3 Nd7 9. Qc2 (9. O-O g6 10. h3 $6 Nxg3 11. fxg3 O-O 12. Rc1 Bf6 13.
Rc2 Bg7 14. Rcf2 Qe7 15. Kh2 a6 16. Qe2 Rae8 $15 {Spassky-Karpov, Montreal
1979 - 27/554}) 9... g6 10. Rd1 $146 (10. Be4 Bxe4 (10... Qc8 11. O-O O-O 12.
Bxb7 Qxb7 13. e4 Nxg3 14. hxg3 Bf6 15. g4 Bg7 16. Rfe1 $14 {Meduna-Engqvist,
Gausdal International 1989}) 11. Qxe4 O-O 12. Qc6 a6 13. a4 Ra7 14. a5 Nb8 15.
Qe4 c5 16. axb6 Qxb6 $13 {Miles-Andersson, Amsterdam 1978 - 26/(606)}) 10... a6
11. Ne2 Nxg3 12. hxg3 Bf6 13. Be4 c6 $1 {A strong move which keeps the
position dynamic. The flexible pawns on the third rank from e6 to b6 reminds
about the famous game between Keres-Petrosian, Candidates' Tournament 1959
where Petrosian had his pawns located on g6, f6, e6 and d6. In the excellent
book "Learn from the Grandmasters" by Raymond Keene he calls attention to this
positional idea.} 14. b3 Qe7 15. g4 Rc8 16. Qb1 d5 17. cxd5 exd5 18. Bc2 c5 19.
O-O O-O 20. Rfe1 Bg7 21. Ng3 Rfe8 $15 {Black's position is more harmonious
than white's and the pawn on g4 is not so strong.} 22. a4 b5 23. axb5 axb5 24.
dxc5 {White tatters black´s queensideposition but loses control of the centre.}
Nxc5 25. b4 Ne4 26. Nxe4 dxe4 27. Nd4 Qg5 {[%csl Rg4]} 28. Bb3 Rc7 $1 29. Qa2
Bc8 30. Rc1 Rce7 31. Rc5 Qxg4 {The g4-pawn is more valuable than the b5-pawn.
Now white has to be careful with his king.} 32. Nxb5 Rd8 33. Rec1 Be6 34. Qa5
Red7 35. Ba4 Rd2 $40 {[%csl Rg1]} 36. Nc3 Bf6 37. Qc7 {[%tqu "En","Black to
move and win!","","","d2f2","",10]} Rxf2 $1 38. Kxf2 (38. Qxd8+ Bxd8 39. Kxf2
Bb6 $19) 38... Rd2+ 39. Ke1 Bxc3 0-1

[Event "RUS-Cup final"]
[Site "Ekaterinburg"]
[Date "1999.??.??"]
[Round "3"]
[White "Zakharevich, Igor"]
[Black "Yevseev, Denis"]
[Result "1-0"]
[WhiteElo "2532"]
[BlackElo "2503"]
[Annotator "Engqvist"]
[PlyCount "63"]
[EventDate "1999.08.28"]
[EventType "tourn"]
[EventRounds "11"]
[EventCountry "RUS"]
[EventCategory "11"]
[SourceTitle "CBM 075"]
[Source "ChessBase"]
[SourceDate "2000.04.05"]
[SourceVersion "1"]
[SourceVersionDate "2000.04.05"]
[SourceQuality "1"]

1. d4 Nf6 2. c4 e6 3. Nf3 b6 4. Nc3 Bb7 5. a3 g6 6. Qd3 {The main ideas with
this fashionable move is to prepare e2-e4 and avoid the doubled pawns on the
kingswing after 6.Qc2 Bxf3 etc. The disadvantage is that in practice white
moves to c2 anyway and loses a tempo. The argument is that the tempoloss is
irrelevant if you can grab space in the centre from your opponent and catch up
in development. Black must react quickly to exploit his small advantage in
time but as this game proves it is far from easy.} Bg7 7. e4 d5 {Perhaps this
is a bit too ambitious because it tries to exploit the "ugly" queen on d3 in
the opening.} (7... d6 $142 {A solid but more restrained scheme of development
leads to a small advantage for white after} 8. Be2 O-O 9. O-O Nbd7 10. Qc2 c5
11. d5 Qe7 (11... e5 $143 {xBg7} 12. g3 $14 {Karpov-Romanishin, Biel 1996 - 67/
580}) 12. Re1 a6 13. Bf1 Ne8 14. Bg5 Bf6 15. Bxf6 Nexf6 16. Qd2 e5 17. g3 Rac8
18. Nh4 Nh5 19. Rab1 Rc7 20. Na4 Rb8 21. b4 $14 {Interestingly 4.a3 proved to
be a valuable move in the middlegame. Oll-Romanishin, Yerevan (ol) 1996 - 67/
(580)}) 8. cxd5 exd5 9. e5 Ne4 10. Qc2 $1 $146 {The hard thing is not to know
what to do but when to do. White chooses the correct timing for the
"unavoidable" tempoloss. Here white possibly threats to disturb black with a
check on b5 or if prevented he can prepare kingswing development with Bd3.} (
10. h4 $143 $5) (10. Be2 $143) 10... Nd7 11. Bd3 $14 O-O $2 {Black sacrifices
a pawn without any compensation.} (11... Nxc3 $142 12. bxc3 c5) (11... f5 $142
12. exf6 Ndxf6 {and white has a good position in both cases. One of these
continuations is the lesser evil compared to the game.}) (11... c5 $143 $2 12.
Nxe4 dxe4 13. Bxe4 Bxe4 14. Qxe4 cxd4 15. Bg5) 12. Nxe4 dxe4 13. Bxe4 Bxe4 14.
Qxe4 c5 15. Be3 Re8 16. O-O $16 Rc8 17. Rad1 Qc7 18. Rfe1 cxd4 19. Bxd4 Re7 20.
Bc3 a5 (20... Rce8 21. Bb4 $16) 21. Qf4 Rce8 22. Rd5 f6 23. Qg3 fxe5 {Black
has won the pawn back but still suffers from his bad pieces.} 24. h4 $1 $40 Qc6
25. Rdd1 Qf6 26. h5 gxh5 27. Qh3 Nf8 28. Qxh5 Ng6 29. Ng5 $18 Bf8 30. Ne4 Qh8
31. Nd6 Rd8 32. Qg4 1-0

[Event "EU-Cup 13th final"]
[Site "Kazan"]
[Date "1997.12.29"]
[Round "2"]
[White "Lputian, Smbat G"]
[Black "Razuvaev, Yuri S"]
[Result "0-1"]
[WhiteElo "2585"]
[BlackElo "2555"]
[Annotator "Epishin,V"]
[PlyCount "120"]
[EventDate "1997.12.28"]
[EventType "team-k.o."]
[EventRounds "4"]
[EventCountry "RUS"]
[SourceTitle "EXT 2020"]
[Source "ChessBase"]
[SourceDate "2019.10.17"]
[SourceVersion "1"]
[SourceVersionDate "2019.10.17"]
[SourceQuality "1"]
[WhiteTeam "Yerevan"]
[BlackTeam "Graz Merkur Versicherung"]
[WhiteTeamCountry "ARM"]
[BlackTeamCountry "AUT"]

1. d4 Nf6 2. c4 e6 3. Nf3 b6 4. a3 c5 5. d5 Ba6 6. Qb3 exd5 7. cxd5 d6 8. Bf4
$146 Nh5 $1 (8... g6 9. Qe3+ Qe7 10. Qxe7+ Bxe7 11. Nc3 O-O 12. e4 Bxf1 13.
Kxf1 Nbd7 14. g3 a6 15. Kg2 b5 16. Rhe1 $14) 9. Bd2 Nf6 10. Bf4 Nh5 11. Bd2 Nf6
12. g3 g6 13. Bf4 Bg7 14. Qe3+ Qe7 15. Qxe7+ Kxe7 16. Nc3 Nbd7 17. Bh3 $2 (17.
h3 Nh5 $6 18. Bg5+ f6 19. Bd2 f5 20. g4 fxg4 21. hxg4 Nhf6 22. Bh3 $14) 17...
h6 18. Bg2 Ng4 19. O-O Nge5 20. Rfe1 Nc4 21. Bc1 Rhe8 $15 22. Nd2 Nde5 23. Nxc4
Nxc4 24. e4 Ne5 25. Rd1 Kf8 26. a4 Bc4 27. Ra3 g5 28. h3 (28. Nb5 Bxb5 29. axb5
Nd7 30. b3 Bd4 $15) 28... a5 $1 29. Bf1 Nf3+ 30. Kg2 Bxf1+ 31. Rxf1 Nd4 32. f3
(32. f4 gxf4 33. Bxf4 Ke7 34. Rf2 Kd7 35. Ra1 Re7 36. Raf1 Rb8 $1 37. Be3 b5
38. Rxf7 bxa4 $36) 32... Reb8 $1 33. f4 b5 34. axb5 Nxb5 35. Nxb5 Rxb5 36. fxg5
$2 (36. e5 dxe5 37. fxg5 hxg5 38. Rf2 e4 39. Re2 $44) 36... Bxb2 37. Bxb2 Rxb2+
38. Kf3 hxg5 39. Rfa1 Rab8 $17 40. Kg4 R8b4 41. Ra4 Re2 42. Kxg5 Rexe4 43. Rxa5
Kg7 $19 44. g4 Re5+ 45. Kh4 Rxd5 46. Rf1 Rb7 47. Raa1 Rc7 48. Rad1 Rxd1 49.
Rxd1 c4 $1 50. Rxd6 c3 51. Rd1 c2 52. Rc1 Kf6 53. Kh5 Rc8 54. g5+ Kg7 55. Kg4
Kg6 56. h4 Rc4+ 57. Kf3 Kh5 58. Kg3 Rc3+ 59. Kf4 Rc5 60. Kg3 Rc4 $19 0-1